000 00853nam a2200205Ia 4500
001 16858
003 GE_BSU
008 181216s||||||||xx |||||||||||||| ||und||
040 _cGE_BSU
080 _a821.353.1-32 + 030=353.1 + 94(479.22)"18"(093.3) + 910.4(479.22) + 910.4(470) + 27-36(479.22)
100 _aბატონიშვილი,იოანე
245 _aკალმასობა. ტ.2
260 _aთბილისი
260 _bსახელგამი
260 _c1948
300 _a254 გვ. 23 სმ.
653 _aკალმასობა
653 _aმოგზაურობა საქართველოში; მოგზაურობა რუსეთში; საქართველოს ისტორია; ქართველი წმინდანები;
942 _cBK
999 _c49922
_d49922